[Event "WSCC Speed Play-In 1 2024"]
[Site "chess.com INT"]
[Date "2024.08.12"]
[Round "6"]
[White "Krush,I"]
[Black "Batsiashvili,N"]
[Result "1/2-1/2"]
[WhiteElo "2405"]
[BlackElo "2461"]

1.d4 Nf6 2.c4 c5 3.d5 b5 4.cxb5 a6 5.bxa6 g6 6.Nc3 Bg7 7.e4 O-O 8.Nf3 Qa5
9.a7 Nxe4 10.axb8=Q Rxb8 11.Qc2 Bxc3+ 12.bxc3 Qxc3+ 13.Qxc3 Nxc3 14.Bc4 Rb4
15.Bb3 c4 16.Bd2 cxb3 17.Bxc3 Rc4 18.Kd2 bxa2 19.Rxa2 Bb7 20.d6 exd6 21.Re1 Rg4
22.Ra7 Bc6 23.Nd4 Rxg2 24.Nxc6 dxc6 25.Re2 Rxh2 26.Bf6 Rh5 27.Be7 Re8 28.Bf6 Rf8
29.Be7 Rc8 30.Rd7 Rd5+ 31.Ke1 h5 32.Bxd6 c5 33.Ree7 c4 34.Rxf7 Rxd6 35.Rg7+ Kf8
36.Rgf7+ Kg8 37.Rg7+ Kf8 38.Rgf7+ Kg8  1/2-1/2

[Event "WSCC Speed Play-In 1 2024"]
[Site "chess.com INT"]
[Date "2024.08.12"]
[Round "7"]
[White "Kairbekova,Amina"]
[Black "Krush,I"]
[Result "1-0"]
[WhiteElo "2247"]
[BlackElo "2405"]

1.e4 c5 2.Nf3 d6 3.d4 cxd4 4.Nxd4 Nf6 5.Bd3 Nc6 6.Be3 g6 7.h3 Bg7 8.c4 O-O
9.Nc3 Be6 10.Qd2 Rc8 11.b3 Nxd4 12.Bxd4 Nd7 13.Bxg7 Kxg7 14.O-O Qa5 15.Rab1 g5
16.f4 gxf4 17.Rxf4 Qe5 18.Rbf1 Nf6 19.Rh4 h5 20.Ne2 Rh8 21.Nf4 Rcg8 22.Nd5 Bxd5
23.exd5 Kf8 24.Rhf4 Rg5 25.Re1 Rxg2+ 26.Kxg2 Rg8+ 27.Kf1 Qg5 28.Qf2 Rg7 29.Rf5 Qh6
30.Qf4 Qg6 31.Qf2 Nd7 32.Re3 Qh6 33.Rf4 Ne5 34.Bc2 f6 35.Re1 Qg5 36.c5 dxc5
37.Rf5 Qg6 38.Rexe5  1-0

[Event "WSCC Speed Play-In 1 2024"]
[Site "chess.com INT"]
[Date "2024.08.12"]
[Round "8"]
[White "Garifullina,Leya"]
[Black "Krush,I"]
[Result "1/2-1/2"]
[WhiteElo "2449"]
[BlackElo "2405"]

1.e4 c5 2.Nf3 d6 3.d4 cxd4 4.Nxd4 Nf6 5.Nc3 Nc6 6.Bg5 e6 7.Qd2 a6 8.O-O-O Be7
9.f4 Bd7 10.Nf3 b5 11.e5 b4 12.exf6 gxf6 13.Ne4 fxg5 14.Nxd6+ Bxd6 15.Qxd6 gxf4
16.Qxf4 Qe7 17.Qg3 Kf8 18.Bd3 Rg8 19.Qh3 Rg7 20.Rhe1 Kg8 21.g4 a5 22.g5 a4
23.Qg4 b3 24.cxb3 axb3 25.a3 Qc5+ 26.Kb1 Ne7 27.Rc1 Qd6 28.Red1 Nd5 29.Be4 Bc6
30.h4 Nc3+ 31.Rxc3 Qxd1+ 32.Rc1 Bxe4+ 33.Qxe4 Qd5 34.Qxd5 exd5 35.Rd1 Rd8
36.Nd4 Rg6 37.Nxb3 Re6 38.Nd4 Re4 39.Nf5 Rf4 40.Nh6+ Kg7 41.h5 d4 42.Kc2 Rf2+
43.Rd2 Rf3 44.Rd3 Rf2+ 45.Rd2 Rf3 46.Rd3 Rf2+ 47.Rd2  1/2-1/2

[Event "WSCC Speed Play-In 1 2024"]
[Site "chess.com INT"]
[Date "2024.08.12"]
[Round "9"]
[White "Krush,I"]
[Black "Khalafova,N"]
[Result "1-0"]
[WhiteElo "2405"]
[BlackElo "2278"]

1.d4 d5 2.c4 c6 3.cxd5 cxd5 4.Bf4 Nc6 5.e3 Nf6 6.Bb5 a6 7.Bxc6+ bxc6 8.Nf3 e6
9.O-O Be7 10.Nc3 c5 11.dxc5 Bxc5 12.Rc1 Be7 13.Na4 Bd6 14.Ne5 Bb7 15.Qb3 Rb8
16.Nc5 Bxc5 17.Qa4+ Kf8 18.Rxc5 h6 19.Rfc1 g5 20.Bg3 Kg7 21.Qd4 Kg8 22.Nxf7 Kxf7
23.Bxb8 Qxb8 24.Rc7+ Kg6 25.Qe5 Rf8 26.Qxe6 Qd8 27.Rxb7 d4 28.exd4 Qxd4 29.h3 Qf4
30.Re1 Qd4 31.Re7 Qd8 32.Qe5 Qd3 33.Qe3 Qd5 34.Re6 Qxa2 35.Qd3+ Kg7 36.Qd4 Rf7
37.Qe5 Qb3 38.Re7 Rxe7 39.Qxe7+ Qf7 40.Qxf7+ Kxf7 41.Ra1 Nd5 42.Rxa6 h5 43.Rh6 h4
44.Rd6 Nf4 45.Rd2 Ke6 46.b4 Nd5 47.b5  1-0

[Event "WSCC Speed Play-In 1 2024"]
[Site "chess.com INT"]
[Date "2024.08.12"]
[Round "10"]
[White "Bristy,Mukherjee"]
[Black "Krush,I"]
[Result "0-1"]
[WhiteElo "1945"]
[BlackElo "2405"]

1.d4 Nf6 2.Bg5 d5 3.e3 Ne4 4.Bf4 c5 5.Bd3 Qb6 6.Qc1 cxd4 7.exd4 Qxd4 8.Be3 Qb4+
9.c3 Qd6 10.Nf3 Nc6 11.O-O g6 12.Rd1 Nc5 13.Bc4 e6 14.Na3 a6 15.Be2 Qe7 16.c4 d4
17.Nxd4 Nxd4 18.Bxd4 e5 19.Be3 Bg7 20.b4 Ne6 21.c5 O-O 22.Nc4 Nd4 23.Bf1 Bg4
24.f3 Nxf3+ 25.gxf3 Bxf3 26.Rd2 Qh4 27.Qe1 Qg4+ 28.Qg3 Qe4 29.Nd6 Qxe3+ 30.Qf2 Qxf2+
31.Kxf2 e4 32.Rb1 Rad8 33.Bc4 Rd7 34.Bd5 Rfd8 35.Rc2 Bd4+ 36.Ke1 Rxd6 37.cxd6 Rxd6
38.Bxb7 f5 39.b5 axb5 40.Rxb5 Bf6 41.Rd5 Bh4+ 42.Kf1 Rb6 43.Rc8+ Kg7 44.Rd7+ Kh6
45.Rc1 Rb2 46.Rdc7 Rf2+ 47.Kg1 Rg2+ 48.Kf1 Rxh2 49.Rxh7+ Kxh7 50.Rc7+ Kh6
51.Rh7+ Kxh7  0-1

[Event "WSCC Speed Play-In 1 2024"]
[Site "chess.com INT"]
[Date "2024.08.12"]
[Round "11"]
[White "Pham Le Thao Nguyen"]
[Black "Krush,I"]
[Result "0-1"]
[WhiteElo "2395"]
[BlackElo "2405"]

1.d4 Nf6 2.c4 g6 3.Nc3 Bg7 4.Bg5 O-O 5.Nf3 h6 6.Bh4 c5 7.d5 e6 8.d6 Nc6 9.e3 b6
10.Be2 Bb7 11.O-O g5 12.Bg3 Nh5 13.Nd2 Nxg3 14.hxg3 f5 15.Rc1 g4 16.f4 h5
17.a3 h4 18.Qe1 hxg3 19.Qxg3 Rf6 20.Kf2 Qf8 21.Rh1 Qxd6 22.Nde4 fxe4 23.Nxe4 Rxf4+
24.Qxf4 Qxf4+ 25.exf4 Nd4 26.Bd3 Rf8 27.Kg3 Bxe4 28.Bxe4 Ne2+ 29.Kh4 Nxc1
30.Rxc1 Rxf4 31.Bg6 Bf6+ 32.Kg3 Be5 33.Kh4 Kg7 34.Bd3 g3+ 35.Kh3 Rd4 36.Bf1 Kf6
37.Re1 d6 38.Re3 Kg5  0-1

[Event "30th Abu Dhabi Masters"]
[Site "Abu Dhabi UAE"]
[Date "2024.08.16"]
[Round "2.73"]
[White "Sharma,Isha"]
[Black "Krush,I"]
[Result "1/2-1/2"]
[WhiteElo "2237"]
[BlackElo "2405"]

1.e4 e6 2.d4 d5 3.Nd2 Nc6 4.Ngf3 Nf6 5.e5 Nd7 6.c3 f6 7.exf6 Qxf6 8.Be2 Bd6
9.Nf1 e5 10.dxe5 Ndxe5 11.Ng3 Bg4 12.Nxe5 Qxe5 13.Be3 Bxe2 14.Qxe2 O-O-O
15.O-O-O Qe6 16.Rhe1 Rhe8 17.Bg5 Qxe2 18.Nxe2 Be7 19.Be3 Bf6 20.Nf4 d4 21.cxd4 Bxd4
22.Bxd4 Rxe1 23.Rxe1 Nxd4 24.Re7 Rd7 25.Re8+ Rd8 26.Re7 Rd7 27.Re8+ Rd8 28.Re7  1/2-1/2

[Event "30th Abu Dhabi Masters"]
[Site "Abu Dhabi UAE"]
[Date "2024.08.18"]
[Round "3.67"]
[White "Krush,I"]
[Black "Khamdamova,Afruza"]
[Result "1/2-1/2"]
[WhiteElo "2405"]
[BlackElo "2292"]

1.d4 d5 2.c4 e6 3.Nc3 Nf6 4.Nf3 Be7 5.Bf4 O-O 6.e3 b6 7.Bd3 dxc4 8.Bxc4 Ba6
9.Qe2 Bxc4 10.Qxc4 c5 11.O-O Qc8 12.Rac1 Nbd7 13.dxc5 Nxc5 14.b4 Ncd7 15.Qb3 Qb7
16.Nb5 Rac8 17.Bd6 Rxc1 18.Rxc1 Rc8 19.Rd1 Nf8 20.Ne5 Ne4 21.Bxe7 Qxe7 22.Qd3 a6
23.Nd4 Qb7 24.h3 Rc3 25.Qe2 Qc7 26.f4 f6 27.Nef3 Qc4 28.Qxc4 Rxc4 29.b5 Nc3
30.Rd3 axb5 31.Nd2 Rc7 32.a3 Kf7 33.Kf2 Nd7 34.Ne2 Nd1+ 35.Kf3 Nb2 36.Rb3 Nc4
37.Nb1 Nd6 38.Nbc3 Nc5 39.Rb1 Ra7 40.Nxb5 Nxb5 41.Rxb5  1/2-1/2

[Event "30th Abu Dhabi Masters"]
[Site "Abu Dhabi UAE"]
[Date "2024.08.19"]
[Round "4.62"]
[White "Yan,Tianqi"]
[Black "Krush,I"]
[Result "1/2-1/2"]
[WhiteElo "2288"]
[BlackElo "2405"]

1.e4 e6 2.d4 d5 3.Nd2 c5 4.exd5 Qxd5 5.Ngf3 cxd4 6.Bc4 Qd6 7.O-O Nf6 8.Nb3 Nc6
9.Nbxd4 Nxd4 10.Nxd4 Be7 11.c3 O-O 12.Re1 Qc7 13.Bb3 a5 14.a4 Bd7 15.Qf3 Bd6
16.h3 Bc6 17.Nxc6 bxc6 18.Bc2 Rab8 19.b3 Nd5 20.Bb2 Qe7 21.Rad1 Bc5 22.Qe4 g6
23.c4 Nb4 24.Bb1 Rbe8 25.Rd2 f6 26.h4 Rd8 27.Red1 e5 28.h5 Rxd2 29.Rxd2 f5
30.Qe1 e4 31.hxg6 hxg6 32.Bd4 Bxd4 33.Rxd4 Rd8 34.Qd2 Rxd4 35.Qxd4 c5 36.Qd2 Kf7
37.g4 Ke6 38.f3 Qh4 39.gxf5+ gxf5 40.fxe4 fxe4 41.Qe3 Qg4+ 42.Kf2 Qh4+ 43.Kg1 Qg4+
44.Kf2 Qh4+ 45.Kg1  1/2-1/2

[Event "30th Abu Dhabi Masters"]
[Site "Abu Dhabi UAE"]
[Date "2024.08.20"]
[Round "5.58"]
[White "Krush,I"]
[Black "Wu,Yixing"]
[Result "1/2-1/2"]
[WhiteElo "2405"]
[BlackElo "2301"]

1.c4 Nf6 2.Nf3 e6 3.g3 d5 4.Bg2 dxc4 5.Qa4+ Bd7 6.Qxc4 c5 7.Ne5 Qc8 8.Qd3 Nc6
9.Nxd7 Qxd7 10.Qxd7+ Kxd7 11.b3 Be7 12.Bb2 Rac8 13.Na3 Rhd8 14.e3 Ke8 15.Ke2 Kf8
16.f4 Rd7 17.Nc4 Nd5 18.g4 b5 19.Ne5 Nxe5 20.fxe5 Rcd8 21.Rhd1 Nb4 22.Be4 Nd3
23.Bxd3 Rxd3 24.Bd4 R3xd4 25.exd4 Rxd4 26.a4 b4 27.Rac1 Rd5 28.d4 cxd4 29.Kd3 Bc5
30.Re1 Ke7 31.Rc4 f6 32.Rec1 Bb6 33.exf6+ gxf6 34.Rxb4 h5 35.h3 hxg4 36.hxg4 Re5
37.Rb5 Rxb5 38.axb5 Kf7 39.Ke4 Kg6 40.Rc6 Kf7 41.b4 Ke7 42.Rc1 Kf7 43.Rh1 Kg6
44.Rh8 f5+ 45.gxf5+ exf5+ 46.Kf4 Bc7+ 47.Kf3 Kf6 48.Rh7 Bb6 49.Rd7 Ke6 50.Rh7 Kd5
51.Rh5 Ke5 52.Rh7 Kd5 53.Rh5  1/2-1/2

[Event "30th Abu Dhabi Masters"]
[Site "Abu Dhabi UAE"]
[Date "2024.08.21"]
[Round "6.61"]
[White "Daaevik Wadhawan"]
[Black "Krush,I"]
[Result "1-0"]
[WhiteElo "2323"]
[BlackElo "2405"]

1.Nf3 Nf6 2.g3 g6 3.b3 d5 4.Bb2 c5 5.c4 d4 6.b4 Bg7 7.Bg2 O-O 8.O-O Nc6 9.b5 Na5
10.d3 Re8 11.Qc2 e5 12.Nbd2 Bf5 13.Ng5 Nd7 14.Nge4 Qc7 15.e3 h6 16.Rfe1 Be6
17.exd4 exd4 18.Nb3 Nxb3 19.axb3 a6 20.Nd2 Qb6 21.bxa6 Rxa6 22.Rxa6 bxa6
23.Ba3 Qa5 24.Bb2 Ne5 25.Ra1 Qb6 26.h3 Nc6 27.Ba3 Rb8 28.Ne4 Bf8 29.Qd2 Ne5
30.Qe2 Nd7 31.Bc1 Qxb3 32.Bf4 Qb2 33.Qxb2 Rxb2 34.Rxa6 Rb1+ 35.Kh2 Rb3 36.Ra8 Kg7
37.Bf1 g5 38.Bc7 Rb7 39.Bd6 Bxd6 40.Nxd6 Rb2 41.Kg2 Rb6 42.Ne8+ Kg6 43.Nc7 Ne5
44.Ra6 Rxa6 45.Nxa6 Bd7 46.f4 Bc6+ 47.Kf2 gxf4 48.gxf4 Nd7 49.Be2 Bb7 50.Nc7 h5
51.Kg3 Nf6 52.Nb5 Bc8 53.Nd6 Bf5 54.Kh4 Be6 55.Bf3 Bf5 56.Be2 Be6 57.Kg3 Bf5
58.Nb7 Nd7 59.Kh4 Kf6 60.Nd6 Bg6 61.Kg3 Ke6 62.Ne8 Nf6 63.Ng7+ Ke7 64.f5 Bh7
65.Kf4 Kf8 66.Nxh5 Nxh5+ 67.Bxh5 f6 68.Bf3 Kg7 69.Bd5 Kh6 70.Kg4 Kg7 71.Be6 Kh6
72.Kh4 Kg7 73.Kh5 Kh8 74.Kh6 Bg6 75.fxg6  1-0

[Event "30th Abu Dhabi Masters"]
[Site "Abu Dhabi UAE"]
[Date "2024.08.22"]
[Round "7.68"]
[White "Krush,I"]
[Black "Novozhilov,Semen"]
[Result "1/2-1/2"]
[WhiteElo "2405"]
[BlackElo "2324"]

1.Nf3 Nf6 2.g3 b5 3.Bg2 Bb7 4.b3 e6 5.c4 b4 6.d4 d5 7.Nbd2 c5 8.Bb2 Nc6 9.O-O Qb6
10.cxd5 exd5 11.dxc5 Bxc5 12.Bxf6 gxf6 13.Rc1 O-O-O 14.Qc2 Be7 15.e4 d4 16.e5 Kb8
17.Qf5 Nxe5 18.Nxe5 fxe5 19.Qxe5+ Bd6 20.Qf5 Bxg2 21.Kxg2 Qb7+ 22.Kg1 h5
23.h4 Rhg8 24.Ne4 Bc7 25.Qxf7 Rdf8 26.Qd7 Rd8 27.Qc6 Qxc6 28.Rxc6 Rge8 29.f3 Bb6
30.Rfc1 d3+ 31.Kg2 d2 32.Rd1 Rd3 33.Rc4 a5 34.Rc6 Ka7 35.Rc2 Be3 36.Kf1 Bh6
37.Ke2 Re3+ 38.Kf2 Rf8 39.Nxd2 Rd3 40.f4 Rfd8 41.Ke2 Rxg3 42.Rf1 Rg2+ 43.Ke3 Kb7
44.Rfc1 Rgxd2 45.Rxd2 Rxd2 46.Kxd2 Bxf4+ 47.Kc2 Bxc1 48.Kxc1 Kc7 49.Kd1 Kd7
50.Ke1 Ke7 51.Kf1 Kd6 52.Ke2 Ke6 53.Kf2 Kd5 54.Kf3 Kd4 55.Kf4 Kc3 56.Kg5 Kb2
57.Kxh5 Kxa2 58.Kg5 a4 59.h5 axb3 60.h6 b2 61.h7 b1=Q 62.h8=Q Qg1+ 63.Kf5 Qf2+
64.Kg5 Qg2+ 65.Kf5 b3 66.Qd4 Qc2+ 67.Kg5 b2 68.Qd5+ Kb1 69.Kh6 Kc1 70.Qh1+ Kd2
71.Qg2+ Kc3 72.Qc6+ Kb3 73.Qb5+ Ka3 74.Qa5+ Qa4 75.Qc5+ Ka2 76.Qd5+ Ka1 77.Qe5 Qa6+
78.Kh7 Ka2 79.Qd5+ Ka1 80.Qd4 Qb7+ 81.Kg8 Qb3+ 82.Kh7 Qf7+ 83.Kh8 Qf3 84.Kh7 Kb1
85.Qg1+ Kc2 86.Qc5+ Qc3 87.Qf2+ Kb1 88.Qg1+ Qc1 89.Qd4 Qc2+ 90.Kg8 Qe2 91.Kh8 Kc2
92.Qc5+ Kb3 93.Qb6+ Kc3 94.Qc5+ Qc4 95.Qe3+ Kc2 96.Qf2+ Kc3 97.Qe3+ Qd3 98.Qc5+ Qc4
99.Qe3+ Kb4 100.Qb6+ Qb5 101.Qd4+ Ka3 102.Qe3+ Qb3 103.Qa7+ Qa4 104.Qc5+ Ka2
105.Qd5+ Ka1 106.Qe5 Qb4 107.Kg7 Qd2 108.Kh8 Qd8+ 109.Kg7 Qd7+ 110.Kh8 Qh3+
111.Kg7 Qg4+  1/2-1/2

[Event "30th Abu Dhabi Masters"]
[Site "Abu Dhabi UAE"]
[Date "2024.08.23"]
[Round "8.70"]
[White "Gemy,J"]
[Black "Krush,I"]
[Result "0-1"]
[WhiteElo "2321"]
[BlackElo "2405"]

1.Nf3 Nf6 2.g3 b6 3.Bg2 Bb7 4.O-O g6 5.d3 c5 6.e4 d6 7.Nc3 Bg7 8.Nh4 Nc6
9.f4 Qd7 10.a4 O-O 11.h3 e6 12.g4 d5 13.e5 Ne8 14.g5 h6 15.gxh6 Bxh6 16.f5 Bxc1
17.Qxc1 exf5 18.Nxf5 Nxe5 19.Qg5 f6 20.Qg3 Ng7 21.Nh6+ Kh7 22.Ng4 Nxg4 23.hxg4 Ne6
24.Rae1 Kg7 25.Rf2 Bc6 26.b3 Rae8 27.Ref1 g5 28.Ne2 d4 29.Bxc6 Qxc6 30.Rh2 Rh8
31.Qf2 Ref8 32.Rxh8 Kxh8 33.Qh2+ Kg8 34.Qh6 Ng7 35.Ng3 Qe6 36.Qh3 Qe3+ 37.Kg2 Rf7
38.Rf3 Qd2+ 39.Rf2 Qd1 40.Re2 Qc1 41.Qh6 Qf4 42.Re4 Qd2+ 43.Re2 Qf4 44.Qg6 Kf8
45.Qh6 Kg8 46.Qg6 Kf8 47.Re4 Qd2+ 48.Re2 Qf4 49.Qh7 Rd7 50.Rf2 Qxg4 51.Rxf6+ Rf7
52.Qg6 Rxf6 53.Qxf6+ Kg8 54.Qd8+ Kh7 55.Qc7 Qd1 56.Nf5 Qxc2+ 57.Kg1 Qd1+
58.Kf2 Qd2+ 59.Kg1 Qe2 60.Ng3 Qd1+ 61.Kg2 Qxd3 62.Qf7 Qd2+ 63.Kh3 Qf4 64.Qxa7 d3
65.Qd7 Qd4 66.Qxd4 cxd4 67.Ne4 Kg6 68.Kg4 Ne8 69.Nd2 Nf6+ 70.Kf3 Kf5 71.b4 g4+
72.Kg2 Ne4 73.Nc4 d2 74.Nb2 Ke6 75.a5 bxa5 76.bxa5 Kd7 77.Kf1 d3 78.Nd1 Kc7  0-1

[Event "30th Abu Dhabi Masters"]
[Site "Abu Dhabi UAE"]
[Date "2024.08.24"]
[Round "9.57"]
[White "Krush,I"]
[Black "Priansh,Das"]
[Result "1-0"]
[WhiteElo "2405"]
[BlackElo "2280"]

1.d4 Nf6 2.c4 g6 3.Nc3 Bg7 4.e4 d6 5.h3 O-O 6.Be3 c5 7.Nf3 cxd4 8.Nxd4 b6
9.Be2 Bb7 10.Qc2 Nbd7 11.O-O a6 12.Rac1 Rc8 13.Qb1 e6 14.Rfd1 Qc7 15.Nf3 Nc5
16.Nd2 Rfd8 17.b4 Ncd7 18.Nf3 Qb8 19.Bf4 Qa8 20.Rxd6 Nxe4 21.Nxe4 Bxe4 22.Qb3 Bf8
23.Rd2 a5 24.a3 Bc6 25.Bg5 Re8 26.Be3 Rc7 27.b5 a4 28.Qd1 Bxf3 29.Bxf3 Qa7
30.Bc6 Re7 31.Rc3 f6 32.Rcd3 Ne5 33.Rd8 Kf7 34.Ra8 Nxc6 35.Rxa7 Nxa7 36.Qxa4 Nc8
37.Rd8 Ra7 38.Qd1 Rec7 39.a4 Be7 40.Rd4 Kg7 41.Qb3 Ra8 42.Rd1 Rca7 43.c5 bxc5
44.Qxe6 Rxa4 45.Rd7 c4 46.b6 c3 47.Rxe7+ Nxe7 48.Qxe7+ Kg8  1-0

[Event "Olympiad Women 2024"]
[Site "Budapest HUN"]
[Date "2024.09.19"]
[Round "8.5"]
[White "Krush,I"]
[Black "Yakubbaeva,Nilufar"]
[Result "1-0"]
[WhiteElo "2396"]
[BlackElo "2248"]

1.Nf3 d5 2.d4 Nf6 3.c4 e6 4.Nc3 c5 5.e3 dxc4 6.Bxc4 a6 7.O-O b5 8.Bd3 Bb7
9.dxc5 Bxc5 10.e4 Nbd7 11.Qe2 O-O 12.Bf4 Nh5 13.Bd2 Qc7 14.e5 g6 15.Be4 Rad8
16.Bxb7 Qxb7 17.Bg5 Rb8 18.Ne4 Rfe8 19.g4 h6 20.Bxh6 Ng7 21.Bg5 Rec8 22.Rad1 Nb6
23.Nf6+ Kf8 24.Bh6 Rd8 25.Ng5 Nc4 26.Ngh7+ Ke7 27.Bxg7 Bd4 28.Bf8+ Rxf8 29.Rxd4 Rfd8
30.Rfd1  1-0

[Event "Olympiad Women 2024"]
[Site "Budapest HUN"]
[Date "2024.09.20"]
[Round "9.3"]
[White "Krush,I"]
[Black "Vantika,Agrawal"]
[Result "0-1"]
[WhiteElo "2396"]
[BlackElo "2370"]

1.c4 Nf6 2.Nf3 e6 3.Nc3 d5 4.d4 Bb4 5.Qa4+ Nc6 6.e3 O-O 7.Qc2 b6 8.a3 Bxc3+
9.Qxc3 Ba6 10.b3 Na5 11.Nd2 c5 12.dxc5 bxc5 13.Bd3 Re8 14.O-O e5 15.Bb2 e4
16.Bc2 Nc6 17.Rfe1 Ne5 18.Rad1 Qb6 19.Ba1 Rad8 20.cxd5 Nxd5 21.Qb2 f5 22.Nf1 Qg6
23.Ng3 Bd3 24.Qc1 Bxc2 25.Qxc2 Nd3 26.Rf1 h5 27.Ne2 h4 28.h3 Kh7 29.Nc1 Nxc1
30.Qxc1 f4 31.exf4 e3 32.f5 Qg5 33.Rxd5 exf2+ 34.Kxf2 Qg3+ 35.Kg1 Re2  0-1

[Event "Olympiad Women 2024"]
[Site "Budapest HUN"]
[Date "2024.09.21"]
[Round "10.5"]
[White "Krush,I"]
[Black "Buksa,N"]
[Result "0-1"]
[WhiteElo "2396"]
[BlackElo "2387"]

1.d4 d5 2.c4 e6 3.Nc3 Nf6 4.cxd5 exd5 5.Bg5 Be7 6.e3 O-O 7.Bd3 h6 8.Bh4 Re8
9.Nge2 c6 10.O-O Nbd7 11.a4 Nh5 12.Bxe7 Qxe7 13.a5 Nf8 14.Qb1 Bd7 15.b4 a6
16.Na4 Rad8 17.Nc5 Bc8 18.Qc2 Qg5 19.Kh1 Rd6 20.Rae1 Nd7 21.Ng1 Qd8 22.Nf3 Nhf6
23.h3 Qe7 24.Nd2 Nxc5 25.bxc5 Rdd8 26.Nf3 Ne4 27.Bxe4 dxe4 28.Ne5 Be6 29.Qxe4 Qc7
30.Qb1 f6 31.Nf3 Bc4 32.Rg1 Qxa5 33.Qxb7 Qa2 34.Qxc6 Qxf2 35.Qa4 Bd5 36.Rgf1 Qg3
37.Qa5 Rb8 38.Qd2 a5 39.Ra1 Rb3 40.Qf2 Qb8 41.Rfe1 Qb5 42.Nd2 Rb2 43.Reb1 Ra8
44.e4 Bxe4 45.Rxb2 Qxb2 46.Re1 Bd5 47.Re7 a4 48.Qg3 Bf7 49.Ne4 Qb3 50.Nxf6+ Kh8
51.Qe5 a3 52.Ne8 Qb1+ 53.Kh2 Rxe8 54.Rxe8+ Bxe8 55.Qxe8+ Kh7 56.c6 a2 57.c7 a1=Q
58.c8=Q Qg1+ 59.Kg3 Qa3+ 60.Kf4 Qf2+ 61.Ke5 Qae3+ 62.Kd6 Qxd4+ 63.Kc6 Qb6+
64.Kd7 Qfd4+ 65.Ke7 Qbf6+  0-1

[Event "Swiss Queens Wed #36 2024"]
[Site "FIDE Online Arena INT"]
[Date "2024.10.02"]
[Round "1.239"]
[White "Bashirli,Saadat"]
[Black "Krush,I"]
[Result "0-1"]
[WhiteElo "1986"]
[BlackElo "2388"]

1.d4 Nf6 2.c4 g6 3.Nc3 Bg7 4.e4 d6 5.Be2 O-O 6.Bg5 Na6 7.Qd2 e5 8.Nf3 exd4
9.Nxd4 Nc5 10.f3 a5 11.O-O Ne6 12.Be3 Nxd4 13.Bxd4 a4 14.Rac1 c6 15.Kh1 Qa5
16.Bxf6 Bxf6 17.Qxd6 Be5 18.Qd2 Rd8 19.Qg5 Bxc3 20.c5 Bd2 21.Qf6 Bxc1 22.Bc4 Qc7
23.Bxf7+ Qxf7 24.Qxd8+ Qf8 25.Qxf8+ Kxf8 26.Rxc1 Be6 27.a3 Rd8 28.Kg1 Rd2
29.Rb1 Ba2 30.Rc1 Rxb2 31.Rc3 Rb3 32.Rc4 Rb1+  0-1

[Event "Swiss Queens Wed #36 2024"]
[Site "FIDE Online Arena INT"]
[Date "2024.10.02"]
[Round "2.215"]
[White "Krush,I"]
[Black "Pham Le Thao Nguyen"]
[Result "0-1"]
[WhiteElo "2388"]
[BlackElo "2384"]

1.Nf3 d5 2.g3 c6 3.Bg2 Bg4 4.O-O e6 5.d3 Nf6 6.Nbd2 Nbd7 7.h3 Bh5 8.g4 Bg6
9.Nh4 e5 10.e3 Bc5 11.b3 Ng8 12.Nxg6 hxg6 13.Bb2 Bb6 14.c4 Ne7 15.Nf3 Bc7
16.Qc2 f6 17.Rac1 Bd6 18.Nd2 g5 19.d4 e4 20.f3 exf3 21.Rxf3 Nf8 22.e4 Bf4
23.Re1 Kf7 24.exd5 cxd5 25.Ba3 Nfg6 26.Rff1 Bd6 27.Bxd6 Qxd6 28.cxd5 Nf4
29.Nc4 Qd7 30.d6 Neg6 31.Re3 Rae8 32.Rfe1 Rxe3 33.Rxe3 Re8 34.Rxe8 Qxe8 35.Qd2 Qd7
36.Qe3 b5 37.Nd2 Qxd6 38.Ne4 Qxd4 39.Qxd4 Ne2+ 40.Kf2 Nxd4 41.Nd6+ Ke6 42.Nc8 a5
43.Na7 Nf4 44.Bf1 b4 45.Ke3 Ke5 46.Nb5 Nd5+ 47.Kf2 Nxb5 48.Bxb5 Nc3 49.Bc4 Nxa2
50.Ke3 Nc3 51.Bg8 Nb5  0-1

[Event "Swiss Queens Wed #36 2024"]
[Site "FIDE Online Arena INT"]
[Date "2024.10.02"]
[Round "3.190"]
[White "Peycheva,Gergana"]
[Black "Krush,I"]
[Result "1/2-1/2"]
[WhiteElo "2212"]
[BlackElo "2388"]

1.d4 Nf6 2.c4 g6 3.Nc3 Bg7 4.e4 d6 5.Nf3 O-O 6.Be2 Nbd7 7.O-O e5 8.Qc2 exd4
9.Nxd4 Nc5 10.Rd1 Ng4 11.Bxg4 Bxg4 12.f3 Be6 13.Nd5 a5 14.Be3 c6 15.Nf4 Qe7
16.Nfxe6 Nxe6 17.Nxe6 Qxe6 18.Bd4 Be5 19.Qc3 Rfd8 20.Rd3 a4 21.Rad1 Bf4 22.Bh8 Bh6
23.Be5 Bf8 24.h3 Rd7 25.Bd4 d5 26.cxd5 cxd5 27.Bf2 Rad8 28.Qd2 Rd6 29.Rxd5 Rxd5
30.exd5 Qe5 31.Qd4 Bd6 32.Qxe5 Bxe5 33.b3 a3 34.Bb6 Rd7 35.Bc5 Bd6 36.b4 f5
37.Kf2 Kf7 38.Ke3 Be5 39.f4 Bb2 40.Rd3 Rd8 41.d6 Ke6 42.b5 Kd7 43.Bxa3 Re8+
44.Kd2 Bf6 45.Bc5 Re4 46.a4 Rxa4 47.Bb6 Rxf4 48.Bc7 Re4 49.Ra3 Bg5+ 50.Kc2 Bf4
51.Ra8 Re2+ 52.Kd3 Rd2+ 53.Kc4 Bxd6 54.Bxd6 Rxd6 55.Rh8 Kc7 56.Rxh7+ Kb6
57.Rh6 Re6 58.Kb4 Re4+ 59.Kc3 Re6 60.g4 fxg4 61.hxg4 Kxb5 62.Rh7 b6 63.Kd4 Rc6
64.Ke5 Kb4 65.g5 b5 66.Rb7 Kc4 67.Ke4 b4 68.Ke5 b3 69.Rf7 Kc3 70.Rf3+ Kb4
71.Rf2 Ka3 72.Rf6 Rc1 73.Ra6+ Kb4 74.Kf6 Kc3 75.Rc6+ Kb2 76.Rb6 Rc4 77.Kxg6 Kc2
78.Kg7 b2 79.g6 b1=Q 80.Rxb1 Kxb1 81.Kh8 Rc7 82.g7 Rxg7 83.Kxg7  1/2-1/2

[Event "Swiss Queens Wed #36 2024"]
[Site "FIDE Online Arena INT"]
[Date "2024.10.02"]
[Round "4.162"]
[White "Krush,I"]
[Black "Sovetbekova,Nurai"]
[Result "0-1"]
[WhiteElo "2388"]
[BlackElo "1940"]

1.d4 Nf6 2.c4 e6 3.Nc3 Bb4 4.Qc2 d5 5.cxd5 exd5 6.Bg5 O-O 7.e3 c5 8.dxc5 Bxc5
9.Nf3 Nc6 10.Be2 Be6 11.O-O Rc8 12.Rfd1 h6 13.Bh4 Bd6 14.Qd3 a6 15.Rab1 g6
16.Bxf6 Qxf6 17.Nxd5 Bxd5 18.Qxd5 Rfd8 19.Qe4 Re8 20.Qa4 Ne5 21.h3 Nxf3+
22.Bxf3 Qe5 23.g3 Qf6 24.Kg2 Be5 25.Bxb7 Rb8 26.Qxa6 Re6 27.Bc6 Rxc6 28.Qd3 Rcb6
29.b4 Rxb4 30.Rbc1 Rb2 31.Rf1 Qe6 32.h4 Qxa2 33.Qe4 Qe6 34.h5 Kg7  0-1

[Event "Swiss Queens Wed #36 2024"]
[Site "FIDE Online Arena INT"]
[Date "2024.10.02"]
[Round "5.133"]
[White "Preobrazhenskaya,Diana"]
[Black "Krush,I"]
[Result "1-0"]
[WhiteElo "2084"]
[BlackElo "2388"]

1.e4 c5 2.Nf3 d6 3.d4 cxd4 4.Nxd4 Nf6 5.Nc3 Nc6 6.Bg5 e6 7.Qd3 Bd7 8.O-O-O a6
9.f4 h6 10.Bh4 g5 11.fxg5 Ng4 12.Nxc6 Bxc6 13.Qd4 Ne5 14.Bg3 Qa5 15.g6 Nxg6
16.Bxd6 O-O-O 17.e5 Bxd6 18.exd6 Kb8 19.Bd3 Ne5 20.Be4 Rd7 21.Bxc6 bxc6 22.Rhe1 f6
23.Rf1 f5 24.Rfe1 Nf7 25.Rxe6 Rhd8 26.Rf6 Ng5 27.Qf4 Kb7 28.Rxf5 Qb6 29.Re5 Rxd6
30.Re7+ R6d7 31.Rexd7+ Rxd7 32.Rxd7+ Kc8 33.Rd1 Ne6 34.Qf5 Qe3+ 35.Kb1 Kc7
36.Qf7+ Kb6 37.Na4+ Ka5 38.b3 Nd4 39.Qc7+ Kb5 40.Qb7+ Ka5 41.Qc7+ Kb5 42.Qb8+ Ka5
43.Qd8+ Kb4 44.Qxd4+ Qxd4 45.Rxd4+ Ka3 46.Nb6  1-0

[Event "Swiss Queens Wed #36 2024"]
[Site "FIDE Online Arena INT"]
[Date "2024.10.02"]
[Round "6.107"]
[White "Krush,I"]
[Black "Nevska,Gerda"]
[Result "1-0"]
[WhiteElo "2388"]
[BlackElo "1854"]

1.d4 Nc6 2.d5 Ne5 3.f4 Ng6 4.e4 e6 5.c4 Bc5 6.Nf3 Nf6 7.Nc3 Ng4 8.Nd4 h5
9.Be2 Qf6 10.e5 N6xe5 11.Ne4 Bb4+ 12.Bd2 Nd3+ 13.Bxd3 Qxd4 14.Bxb4 Ne3 15.Qd2 Nxc4
16.Bxc4 Qxc4 17.Ng5 b6 18.Rc1 Qxd5 19.Qxd5 exd5 20.Rxc7 Ba6 21.Kd2 Bb5 22.Re1+ Kd8
23.Rc3 d6 24.Nxf7+ Kd7 25.Nxh8 Rxh8 26.Rce3 a5 27.Bc3 Kc6 28.Re7 Rd8 29.Rxg7 Rf8
30.Ree7 d4 31.Bxd4 Rxf4 32.Be3 Rf5 33.Rc7+ Kd5 34.Rg5 Rxg5 35.Bxg5 a4 36.Be3 Bc4
37.a3 Bb3 38.Bxb6 Ke6 39.Be3 d5 40.Rh7 Kf5 41.Rxh5+ Kg4 42.Rg5+ Kh4 43.Rg7 Kh5
44.Bd4 Bc4 45.g4+ Kh4 46.g5 Bb5 47.g6 Be8 48.Rh7+ Kg5 49.g7 Kf4 50.g8=Q Ke4
51.Qxe8+ Kxd4 52.Qe3+ Kc4 53.Rc7+ Kb5 54.Qc5+ Ka6 55.Ra7+  1-0

[Event "Swiss Queens Wed #36 2024"]
[Site "FIDE Online Arena INT"]
[Date "2024.10.02"]
[Round "7.88"]
[White "Luong Phuong Hanh"]
[Black "Krush,I"]
[Result "0-1"]
[WhiteElo "2216"]
[BlackElo "2388"]

1.d4 Nf6 2.Nf3 g6 3.g3 Bg7 4.Bg2 O-O 5.O-O d6 6.a4 Nc6 7.a5 a6 8.d5 Nb8 9.Nc3 e6
10.e4 exd5 11.exd5 Bg4 12.Bf4 Nbd7 13.Qd2 Bxf3 14.Bxf3 Re8 15.Rfe1 Ne5 16.Bg2 Nh5
17.Bg5 Bf6 18.Bxf6 Nxf6 19.Qd4 Re7 20.f4 Ned7 21.Qd2 Qf8 22.Rxe7 Qxe7 23.Re1 Qf8
24.Bh3 Re8 25.Re3 Rxe3 26.Qxe3 Qd8 27.b4 h5 28.Kg2 Ng4 29.Bxg4 hxg4 30.Ne2 Nf6
31.c4 c6 32.dxc6 bxc6 33.Nd4 c5 34.bxc5 dxc5 35.Ne2 Qxa5 36.f5 Qe1 37.fxg6 fxg6
38.Qe6+ Kg7 39.Qe7+ Kh6 40.Qe3+ g5 41.Qe6 Kg7 42.Qe7+ Kg8 43.Qe6+ Kg7 44.Qe5 Kh7
45.Qf5+ Kg7 46.Qxg5+ Kf7 47.Qe5 a5 48.Qc7+ Kg8 49.Qd8+ Kf7 50.Qd3 a4 51.Nf4 Qe4+
52.Qxe4 Nxe4 53.Nd3 a3 54.Nc1 Ke6 55.h4 gxh3+ 56.Kxh3 Ke5 57.g4 Kd4 58.Kh4 Kc3
59.g5 Nxg5 60.Kxg5 Kc2 61.Na2 Kb2  0-1

[Event "Swiss Queens Wed #36 2024"]
[Site "FIDE Online Arena INT"]
[Date "2024.10.02"]
[Round "8.70"]
[White "Krush,I"]
[Black "Enkhrii Enkh-Amgalan"]
[Result "1-0"]
[WhiteElo "2388"]
[BlackElo "2072"]

1.d4 Nf6 2.c4 g6 3.Nc3 d5 4.cxd5 Nxd5 5.e4 Nxc3 6.bxc3 Bg7 7.Bc4 c5 8.Ne2 Nc6
9.Be3 O-O 10.O-O Bg4 11.f3 Bd7 12.dxc5 Qc7 13.Nd4 Ne5 14.Bb3 Rfd8 15.Qe2 Rac8
16.Kh1 Be8 17.f4 Nc6 18.Rad1 e5 19.Ne6 fxe6 20.Bxe6+ Bf7 21.Bxc8 Rxc8 22.f5 gxf5
23.exf5 Qe7 24.f6 Bxf6 25.Qg4+ Bg6 26.Qxc8+ Nd8 27.Rxf6 Qxf6 28.Qxd8+ Qxd8
29.Rxd8+  1-0